000 00419nam a2200181Ia 4500
001 13921
005 20260306164836.0
008 260306t2016||||xx |||||||||||||| ||spa||
041 _aESP
082 _a005.7
_bB184
100 _aBuhlmann, Peter
_eAUT
245 0 _aHandbook of big data
260 _c2016
300 _axvi, 464 páginas :
_c26 cm.
650 _aGEN
654 _aCCC
942 _cLIB
_dJUS
_fJUS
_2ddc
_n
999 _c13921
_d13921